000
00213nam a2200109Ia 4500
100
_a
#N/A
942
_c
BK
245
_a
Information Technology for Management
260
_b
#N/A
546
_a
ENGLISH
999
_c
28973
_d
28973